Plant nutrition on colliery waste /
Saved in:
| 主要作者: | |
|---|---|
| 格式: | Thesis 图书 |
| 语言: | English |
| 出版: |
1958
|
| 主题: | |
| 标签: |
添加标签
没有标签, 成为第一个标记此记录!
|
| LEADER | 00798cam a2200277 4500 | ||
|---|---|---|---|
| 001 | u31254 | ||
| 003 | SIRSI | ||
| 008 | 830624s1958 uk v 0 eng | ||
| 015 | |a X830003130 | ||
| 035 | |a AAD-3719 | ||
| 040 | |a UMM | ||
| 050 | 0 | |a QK746 | |
| 090 | 0 | 0 | |a QK746 |b War |
| 100 | 1 | 0 | |a Warwick, Patricia Jane |
| 245 | 1 | 0 | |a Plant nutrition on colliery waste / |c by Patricia Jane Warwick |
| 260 | |c 1958 | ||
| 300 | |a 257, [9] leaves : |b ill. ; |c 28cm | ||
| 500 | |a Photocopy | ||
| 502 | |a Thesis (Ph.D.) - University of Birmingham, 1958 | ||
| 504 | 0 | 0 | |a Bibliography: leaves 249-256 |
| 650 | 0 | |a Plants |x Nutrition | |
| 650 | 0 | |a Plant ecology. | |
| 650 | 0 | |a Coal mine waste | |
| 948 | |a 16/03/1991 |b 24/12/2001 | ||
| 596 | |a 1 | ||
| 999 | |a QK746 WAR |w LC |c 1 |i A002721488 |l STACKS |m P01UTAMA |r Y |s Y |t TESIS |u 9/1/1992 | ||
